000 00792nam a2200241 a 4500
001 11708
003 BD-JhCC
005 20251211125726.0
008 200726b2020 bg a|||| ||a| 000 0 ben d
020 _a9789849266266
035 _a(BD-JhCC)11708
040 _aBD-JhCC
_dBD-JhCC
041 _aben
082 _a330.95492
_bTAI 2020
100 _aতৈয়্যব, ফয়েজ আহমদ
245 _aচতুর্থ শিল্পবিপ্লব ও বাংলাদেশ /
_cফয়েজ আহমদ তৈয়্যব ।
260 _aঢাকা:
_bআদর্শ;
_c২০২০.
300 _a333 p. :
_bill;
_c22 cm.
650 _aEconomic History
650 _aEconomic development
_zBangladesh
_zSouth Asia
942 _2ddc
_cBK
999 _c11708
_d11708